<?xml version="1.0" encoding="UTF-8"?>
<record
    xmlns:xsi="http://www.w3.org/2001/XMLSchema-instance"
    xsi:schemaLocation="http://www.loc.gov/MARC21/slim http://www.loc.gov/standards/marcxml/schema/MARC21slim.xsd"
    xmlns="http://www.loc.gov/MARC21/slim">

  <leader>03530nam a2200313 i 4500</leader>
  <controlfield tag="003">CSPC</controlfield>
  <controlfield tag="005">20260312162205.0</controlfield>
  <controlfield tag="008">260312s2025    ph a     b    000 0 eng d</controlfield>
  <datafield tag="040" ind1=" " ind2=" ">
    <subfield code="a">CSPC </subfield>
    <subfield code="b">eng </subfield>
    <subfield code="c">CSPC </subfield>
    <subfield code="e">rda </subfield>
  </datafield>
  <datafield tag="090" ind1=" " ind2=" ">
    <subfield code="a">UTH BSOA B125m 2025</subfield>
  </datafield>
  <datafield tag="100" ind1="1" ind2=" ">
    <subfield code="a">Bacho, Viclyn D., </subfield>
    <subfield code="e">author. </subfield>
  </datafield>
  <datafield tag="245" ind1="1" ind2="2">
    <subfield code="a">A methodological investigation on the level of research skills of Bachelor of Science in Office Administration students in a state college in the Philippines / </subfield>
    <subfield code="c">Viclyn D. Bacho, Bernard Baduria, and Rosa May T. Bagasala. </subfield>
  </datafield>
  <datafield tag="260" ind1=" " ind2=" ">
    <subfield code="a">Buhi, Camarines Sur : </subfield>
    <subfield code="b">Camarines Sur Polytechnic Colleges, </subfield>
    <subfield code="c">2025. </subfield>
  </datafield>
  <datafield tag="300" ind1=" " ind2=" ">
    <subfield code="a">151 leaves. </subfield>
  </datafield>
  <datafield tag="336" ind1=" " ind2=" ">
    <subfield code="2">rdacontent</subfield>
    <subfield code="a">text</subfield>
  </datafield>
  <datafield tag="337" ind1=" " ind2=" ">
    <subfield code="2">rdamedia </subfield>
    <subfield code="a">unmediated </subfield>
  </datafield>
  <datafield tag="338" ind1=" " ind2=" ">
    <subfield code="2">rdacarrier</subfield>
    <subfield code="a">volume</subfield>
  </datafield>
  <datafield tag="502" ind1=" " ind2=" ">
    <subfield code="a">Undergraduate Thesis (BSOA) - Office Administration. </subfield>
    <subfield code="c">Camarines Sur Polytechnic Colleges, 2025. </subfield>
  </datafield>
  <datafield tag="504" ind1=" " ind2=" ">
    <subfield code="a">Includes bibliographical references. </subfield>
  </datafield>
  <datafield tag="520" ind1="3" ind2=" ">
    <subfield code="a">This study investigates the level of research skills of Bachelor of Science in Office Administration (BSOA) students in a state college in the Philippines, with particular emphasis on their competencies in problem identification, literature review, research design, data analysis, and academic writing. Employing a descriptive-evaluative research design, the study utilized validated survey questionnaires administered to 153 third and fourth-year students to determine their level of proficiency and to identify the challenges they encounter in fulfilling research requirements. Descriptive statistics and thematic analysis were applied to interpret the data, while appropriate statistical tests were used to examine the relationship between students' demographic profiles and their research skill levels. The findings indicate that although students generally demonstrate a moderate understanding of basic research concepts, many experience significant difficultly in more technical aspects of research, including synthesizing related literature, constructing sound methodologies, interpreting and analyzing data, and adhering to academic writing conventions. These challenges are further compounded by limited access to scholarly resources, lack of familiarity with research tools and software, inadequate mentoring and guidance from faculty, and time constraints brought about by academic and personal responsibilities. The study also reveals that support mechanisms such as consistent faculty supervision, availability of reference materials, and access to technical assistance play a crucial role in influencing students' performance in research writing and completion. Based on these findings, the study underscores the need for strengthened research instruction, enhanced mentoring systems, and improved institutional support to effectively address existing skill gaps. An action plan is proposed to improve research training initiatives and foster a more supportive and research-oriented academic culture within the BSOA program. Overall, the results aim to inform curriculum refinement and contribute to better preparation of students for research-related academic and administrative tasks. </subfield>
  </datafield>
  <datafield tag="700" ind1="1" ind2=" ">
    <subfield code="a">Baduria, Bernard, </subfield>
    <subfield code="e">author. </subfield>
  </datafield>
  <datafield tag="700" ind1="1" ind2=" ">
    <subfield code="a">Bagasala, Rosa May T., </subfield>
    <subfield code="e">author. </subfield>
  </datafield>
  <datafield tag="720" ind1="1" ind2=" ">
    <subfield code="a">Ta&#xF1;amor, Ma. Bernadette O., </subfield>
    <subfield code="e">adviser. </subfield>
  </datafield>
  <datafield tag="720" ind1="1" ind2=" ">
    <subfield code="a">Luzon, April Z., </subfield>
    <subfield code="e">panelist, chair. </subfield>
  </datafield>
  <datafield tag="720" ind1="1" ind2=" ">
    <subfield code="a">Villar, Mariber M., </subfield>
    <subfield code="e">panelist. </subfield>
  </datafield>
  <datafield tag="720" ind1="1" ind2=" ">
    <subfield code="a">Adriano, Rolando B., </subfield>
    <subfield code="e">panelist. </subfield>
  </datafield>
  <datafield tag="942" ind1=" " ind2=" ">
    <subfield code="2">ddc</subfield>
    <subfield code="n">0</subfield>
    <subfield code="c">UM</subfield>
    <subfield code="h">B125m </subfield>
    <subfield code="i">BSOA </subfield>
    <subfield code="k">UTH </subfield>
    <subfield code="m">2025</subfield>
  </datafield>
  <datafield tag="952" ind1=" " ind2=" ">
    <subfield code="0">0</subfield>
    <subfield code="1">0</subfield>
    <subfield code="2">ddc</subfield>
    <subfield code="4">0</subfield>
    <subfield code="7">0</subfield>
    <subfield code="a">BUHI</subfield>
    <subfield code="b">BUHI</subfield>
    <subfield code="c">UTH</subfield>
    <subfield code="d">2026-02-23</subfield>
    <subfield code="l">0</subfield>
    <subfield code="o">UTH BSOA B125m 2025</subfield>
    <subfield code="p">00267UM-BUH</subfield>
    <subfield code="r">2026-03-12 00:00:00</subfield>
    <subfield code="t">1-1</subfield>
    <subfield code="w">2026-03-12</subfield>
    <subfield code="y">UM</subfield>
  </datafield>
  <datafield tag="999" ind1=" " ind2=" ">
    <subfield code="c">32052</subfield>
    <subfield code="d">32052</subfield>
  </datafield>
</record>
